Normal view
MARC view
- Hushman, Carolyn.
Entry Personal Name
001 - CONTROL NUMBER
- control field: 66961
003 - CONTROL NUMBER IDENTIFIER
- control field: OSt
005 - DATE AND TIME OF LATEST TRANSACTION
- control field: 20250820135436.0
008 - FIXED-LENGTH DATA ELEMENTS
- fixed length control field: 250820|| aca||aabn | a|a d
040 ## - CATALOGING SOURCE
- Original cataloging agency: OSt
100 ## - HEADING--PERSONAL NAME
- Personal name: Hushman, Carolyn.
- Relator term: author.
